Características familiares asociadas a las agresiones ejercidas por adolescentes contra sus progenitores (Record no. 174621)
[ view plain ]
| 000 -CABECERA | |
|---|---|
| campo de control de longitud fija | 02092nab a2200325 a 4500 |
| 005 - FECHA Y HORA DE LA ÚLTIMA TRANSACCIÓN | |
| campo de control | 20210219162346.0 |
| 008 - ELEMENTOS DE LONGITUD FIJA--INFORMACIÓN GENERAL | |
| campo de control de longitud fija | 991125s1985 mx 000 0 spa u |
| 035 ## - NÚMERO DE CONTROL DEL SISTEMA | |
| Número de control de sistema | UPN01000202520 |
| 049 ## - COLECCIÓN | |
| Colección | ART-E |
| 100 1# - ASIENTO PRINCIPAL--NOMBRE PERSONAL | |
| Nombre de persona | Esther Calvete, Esther |
| 100 1# - ASIENTO PRINCIPAL--NOMBRE PERSONAL | |
| Filiación | esther.calvete@deusto.es |
| 100 1# - ASIENTO PRINCIPAL--NOMBRE PERSONAL | |
| Nombre de persona | Gámez Guadix, Manuel |
| 100 1# - ASIENTO PRINCIPAL--NOMBRE PERSONAL | |
| Nombre de persona | Orue, Izaskun |
| 222 #0 - TÍTULO CLAVE | |
| Título clave | ANALES DE PSICOLOGIA |
| 245 00 - MENCIÓN DE TÍTULO | |
| Título | Características familiares asociadas a las agresiones ejercidas por adolescentes contra sus progenitores |
| 260 ## - PUBLICACIÓN, DISTRIBUCIÓN, ETC. | |
| Lugar de publicación, distribución, etc. | España |
| 300 ## - DESCRIPCIÓN FÍSICA | |
| Extensión | 1176-1182 |
| 362 0# - FECHAS DE PUBLICACIÓN Y/O DESIGNACIÓN SECUENCIAL | |
| Fecha de publicación y/o designación secuencial | 2014 Vol. 30, no. 3, oct. |
| 336 ## - TIPO DE CONTENIDO | |
| Término de tipo de contenido | texto$2rdacontent |
| 337 ## - TIPO DE MEDIO | |
| Nombre/término del tipo de medio | computadora$2rdamedia |
| 338 ## - TIPO DE SOPORTE | |
| Nombre/término del tipo de soporte | recurso en linea$2rdacarrier |
| 520 3# - NOTA DE RESUMEN, ETC. | |
| Sumario, etc. | La violencia filio-parental (VFP) constituye un área de creciente interés. Los estudios previos apuntan a factores familiares dispares como elementos explicativos de la VFP, tales como exposición a la violencia, la negligencia emocional y el estilo permisivo de crianza. Este estudio evaluó la asociación de estos factores con la ocurrencia de VFP física y psicológica severa. Un total de 1698 adolescentes (870 chicos y 828 chicas), con edades comprendidas entre 12 y 17 años contestaron medidas de VFP, exposición a la violencia familiar, afecto y comunicación, abandono parental y estilo permisivo de crianza. Los resultados de los análisis de regresión logística indicaron que los bajos niveles de afecto y comunicación se asociaban a todas las formas de VFP. Ser testigo de la violencia familiar se asoció a la VFP física contra padres mientras que la victimización directa familiar lo hizo con la VFP física contra madres y la VFP psicológica contra ambos progenitores. El estilo permisivo se asoció a la VFP psicológica severa pero no a la física. |
| 653 0# - TERMINO DE INDIZACION - NO CONTROLADO | |
| Término no controlado | VIOLENCIA FILIO-PARENTAL |
| 653 0# - TERMINO DE INDIZACION - NO CONTROLADO | |
| Término no controlado | ESTILO PARENTAL |
| 653 0# - TERMINO DE INDIZACION - NO CONTROLADO | |
| Término no controlado | FACTORES FAMILIARES |
| 653 0# - TERMINO DE INDIZACION - NO CONTROLADO | |
| Término no controlado | AGRESIONES DE HIJOS A PROGENITORES |
| 856 4# - LOCALIZACIÓN Y ACCESO ELECTRÓNICOS | |
| Identificador Uniforme del Recurso | <a href="http://revistas.um.es/analesps/article/view/166291/165461">http://revistas.um.es/analesps/article/view/166291/165461</a> |
| 905 ## - TIPO DE MATERIAL | |
| Tipo de material | Articulo |
No items available.
